| 000 | 00915nam a2200289 i 4500 | ||
|---|---|---|---|
| 001 | bg | ||
| 100 | 1 | _aDAHMEN, Andreas | |
| 245 | 1 | 0 |
_aBankowa obsługa przedsiębiorstw / _cAndreas Dahmen, Philipp Jacobi. |
| 246 |
_iTyt. oryg.: _aFirmenkundengeschaeft der Kreditinstitute |
||
| 260 |
_aWarszawa : _bCeDeWu, _c2002. |
||
| 300 |
_a240 s. ; _c24 cm. |
||
| 500 | _aTyt. oryg.: "Firmenkundengeschaeft der Kreditinstitute". | ||
| 504 | _aBibliogr. | ||
| 650 | 9 |
_aPrzedsiębiorstwo _xfinanse |
|
| 650 | 9 |
_aBanki _xa przedsiębiorstwo |
|
| 650 | 9 |
_aPrzedsiębiorstwo _xa banki |
|
| 650 | 9 | _aKredyt | |
| 700 | 1 | _aJACOBI, Philipp | |
| 020 | _a8387885274 | ||
| 040 | _cBPK | ||
| 041 | 1 |
_apol _hger |
|
| 080 | _a336.71:336.74:658.14/.17 | ||
| 920 | _a83-87885-27-4 | ||
| 942 | _cKS | ||
| 008 | s pl f |000 0 pol | ||
| 999 |
_c42698 _d42698 |
||
| 856 |
_uhttp://koha.tu.koszalin.pl/cgi-bin/koha/opac-detail.pl?biblionumber=42698 _yKatalog online BPK |
||